00509 a2200181 450000100060000002000180000604000240002410000320004824000400008024500350012030000060015536200090016144000130017065000310018394200070021495200890022199900170031046347 a9788526287037 cAnchieta - Aquarius aSantos, Vivaldo Andrade dos10aO rato que roeu a roupa do reilpor10aO rato que roeu a roupa do rei a 0 a2011 1aScipione 4aLiteratura infanto-juvenil cBK 00104070a87.1b87.1d2023-11-21l0p4083/AQUr2023-11-21 15:12:49w2023-11-21yBK c46347d46347